Contract-I (Law of Contract-I with Specific Relief Act. (Record no. 6390)

MARC details
000 -LEADER
fixed length control field 00459nam a22001817a 4500
005 - DATE AND TIME OF LATEST TRANSACTION
control field 20210904102913.0
008 - FIXED-LENGTH DATA ELEMENTS--GENERAL INFORMATION
fixed length control field 200521b xxu||||| |||| 00| 0 eng d
020 ## - INTERNATIONAL STANDARD BOOK NUMBER
ISBN 8189530119
041 ## - LANGUAGE CODE
Language code of text/sound track or separate title eng
082 ## - DEWEY DECIMAL CLASSIFICATION NUMBER
Classification number 346.42 BAN
100 ## - MAIN ENTRY--AUTHOR NAME
Personal name Bangia,Dr R.K
245 ## - TITLE STATEMENT
Title Contract-I (Law of Contract-I with Specific Relief Act.
250 ## - EDITION STATEMENT
Edition statement 7'th
260 ## - PUBLICATION, DISTRIBUTION, ETC. (IMPRINT)
Place of publication Faridabad
Name of publisher Allahabad Law Agency
Year of publication 2017
300 ## - PHYSICAL DESCRIPTION
Number of Pages 604p.
650 ## - SUBJECT ADDED ENTRY--TOPICAL TERM
Topical Term LAW
942 ## - ADDED ENTRY ELEMENTS (KOHA)
Koha item type Books
Holdings
Lost status Damaged status Collection code Home library Current library Shelving location Date acquired Source of acquisition Cost, normal purchase price Full call number Accession Number Koha item type
    Reference JRU Library JRU Library SHELF -1-B 02/06/2020 PURCHASE 435.00 346.42 BAN 24223 Books
    LAW JRU Library JRU Library SHELF-29-C 02/06/2020 PURCHASE 435.00 346.42 BAN 24224 Books
    LAW JRU Library JRU Library SHELF-29-C 02/06/2020 PURCHASE 435.00 346.42 BAN 24225 Books
    LAW JRU Library JRU Library SHELF-29-C 02/06/2020 PURCHASE 435.00 346.42 BAN 24226 Books